000 00796nam a2200253Ia 4500
003 GCL
008 140319s9999 xx 000 0 ara d
040 _aGCL /
_cGCL
082 0 4 _a372.21
_bس ت
100 1 _aعبدالفتاح حسن عبدالفتاح
245 1 0 _aالتربية اللغوية للطفل /
_cعبدالفتاح حسن عبدالفتاح
700 1 _aكاميليا عبدالفتاح
700 1 _aسبينى، سرجيو
700 1 _aفوزى عيسى(مترجم)
260 _a[S.N] :
_bدار الفكر العربى ،
_c1991
300 _a159 ص
490 _a
650 0 4 _aالمناهج
650 0 4 _aالاطفال
650 0 4 _aرياض الاطفال
650 0 4 _aعلم النفس التربوى
650 0 4 _aالكلام
942 _2ddc
_cBK
999 _c31634
_d31634